Prinsip elektrik dan elektronik

Bibliographic Details
Main Author: Goodall, Frank
Other Authors: Abd.Samad Haniff, Muhammad Razin Abdullah, Rishton, D.K
Format: Book
Published: Kuala Lumpur : Dewan Bahasa dan Pustaka , 1995
Subjects:

MARC

LEADER 00000cam a2200000 7i4500
001 0000021818
005 20080729.0
020 |a 9836246320 
040 |a INS 
090 0 0 |a TK145   |b G66 1995 
100 1 |a Goodall, Frank 
245 1 0 |a Prinsip elektrik dan elektronik   |c Frank Goodall, D.K Rishton   |f penterjemah Abd Samad Haniff, Muhammad Razin Abdullah 
260 |a Kuala Lumpur :   |b Dewan Bahasa dan Pustaka ,   |c 1995 
300 |a xiv, 227ms :   |b ill. ;   |c 21cm. 
500 |a Mengandungi indeks 
650 0 0 |a Electric engineering 
650 0 0 |a Electronic 
700 0 |a Abd.Samad Haniff 
700 0 |a Muhammad Razin Abdullah 
700 1 |a Rishton, D.K 
999 |a 0000020096   |b BOOK   |c Open Shelf   |e Default branch 
999 |a SER0001694   |b BOOK   |c Open Shelf   |e Default branch